L'imaginaire et le réel en mathématiques et en physique /
Guardado en:
| Autor Principal: | |
|---|---|
| Formato: | Libro |
| Idioma: | French |
| Publicado: |
Paris :
Albin Michel,
c1952.
|
| Series: | Bibliothèque d'éducation par la science
|
| Etiquetas: |
Agregar Etiqueta
Sin Etiquetas, Sea el primero en etiquetar este registro!
|
| LEADER | 00497nam a22001455a 4500 | ||
|---|---|---|---|
| 001 | MAT.inmabb001612 | ||
| 008 | 031124s1952####fr############000#0#fre#d | ||
| 005 | 20170818120209.0 | ||
| 245 | 1 | 2 | |a L'imaginaire et le réel en mathématiques et en physique / |c par Émile Borel. |
| 260 | |a Paris : |b Albin Michel, |c c1952. | ||
| 300 | |a 246 p. ; |c 19 cm. | ||
| 440 | 0 | |a Bibliothèque d'éducation par la science | |
| 100 | 1 | |a Borel, Émile, |d 1871-1956. | |
| 084 | |a 00A69 |2 msc2000 | ||
| 859 | |h 00A69 |i B731 |p A-2005 |b BIB. MATEMATICA | ||
